| 000 | 00507nam a2200181Ia 4500 | ||
|---|---|---|---|
| 008 | 191130s2005##################000#0#eng## | ||
| 020 | _a9781405704397 | ||
| 040 |
_aACL _cACL |
||
| 082 | _a348.4204 WID | ||
| 245 |
_aThe all England law reports 2005 _cedited by Karen Widdcombe |
||
| 260 |
_aLondon _bButterworth & Co _c2005 |
||
| 300 | _a1010 p.; 23 cm. | ||
| 650 | _aLaw- Reports | ||
| 700 | _aWiddicombe, Karen | ||
| 990 | _a029e7dc7ac10000c1d03141f61b387fb | ||
| 991 | _a388457 | ||
| 999 |
_c300824 _d300824 |
||